Palavras para lavras (Registo nº 3955)

Detalhes MARC
000 -Etiqueta do registo
Cabeçalho 00692nam0a2200253 4500
005 - Identificador da versão
Campo de controlo 20240902165649.0
010 ## - Número internacional normalizado dos livros (ISBN)
Número (ISBN) 9726105692
021 ## - Número do Depósito Legal
Código do país PT
Número 185425/02
100 ## - Dados gerais de processamento
Dados gerais de processamento 20181106d2002 d y0pory50030103ba
101 0# - Língua de publicação
Língua do texto, banda sonora, etc. Português
102 ## - Pais de publicação ou produção
País de publicação Portugal
200 1# - Titulo e menção de responsabilidade
Título próprio Palavras para lavras
Primeira menção de responsabilidade Alexandre Honrado
Outras menções de responsabilidade il. João Caetano
205 ## - Menção da edição
Menção da edição 1ª ed
210 ## - Publicação, Distribuição, etc. 
Lugar da edição, distribuição, etc. Porto
Nome do editor, distribuidor, etc. Campo das Letras
Data da publicação, distribuição, etc. 2002
215 ## - Descrição física 
Indicação específica da natureza do documento e extensão da espécie 56 p.
Outras indicações físicas il. color
225 1# - Colecção 
Título próprio da colecção O sol e a lua
Indicação de volume 18
606 ## - Nome comum usado como assunto
Número de registo de entrada de autoridade 0001358
Palavra de ordem Literatura portuguesa
Subdivisão de assunto Poesia
Código do sistema CA
675 ## - Classificação Decimal Universal (CDU)
Notação 821.134.3-1
Edição 3ª ed.
Língua da edição por
700 #1 - Nome de autor-pessoa física (responsabilidade principal)
Número de registo de entrada de autoridade 0000423
Palavra de ordem Honrado
Outra parte do nome não tomada para palavra de ordem Alexandre
Datas 1960-
702 #1 - Nome de autor-pessoa física (responsabilidade secundária)
Número de registo de entrada de autoridade 0000004
Palavra de ordem Caetano
Outra parte do nome não tomada para palavra de ordem João
Código de função Ilustrador / Técnico de desenho computorizado
942 ## - Elementos de entrada adicionados (Koha)
Tipo de item no Koha Livro
966 ## - Identificação da Biblioteca
Sigla EBVEN
Exemplares
Situação do levantamento Origin of item (home branch) (coded) Biblioteca de empréstimo Código de barras Cota Data de devolução Circulation type (not for loan) Tipo de documento Nota do exemplar Damaged status
  Biblioteca Escolar das Vendas Biblioteca Escolar das Vendas BEV994 8POR HON     Livro Sem mensagem